| 000 | 00505nam a2200205Ia 4500 | ||
|---|---|---|---|
| 003 | OSt | ||
| 005 | 20250818163535.0 | ||
| 008 | 210210b2005 xxu||||| |||| 00| 0 eng d | ||
| 020 | _a8122416888 | ||
| 040 | _cAL | ||
| 082 | _a574.87 RASC | ||
| 100 |
_aRastogi S C _9236263 |
||
| 245 | _aCell biology Ed 3 | ||
| 250 | _a3 | ||
| 260 |
_aNew Delhi _bNew Age International (P) Limited, Publishers _c2005 |
||
| 300 | _axv,532p. | ||
| 690 |
_aCell Biology _9236264 |
||
| 906 | _a061207 | ||
| 942 |
_2ddc _cBK |
||
| 999 |
_c108168 _d108168 |
||